000 00588nam a22001697a 4500
005 20251108173453.0
008 250721s2006 xx 000 0 ara d
082 1 4 _a371.8/نمر
100 1 _aالنمر، عصام
245 1 0 _aمحاضرات في أساليب القياس و التشخيص في التربية الخاصة /
264 1 _aعمان :
_bدار اليازوري العلمية للنشر و التوزيع،
_c2006.
300 _a168 ص.
650 1 7 _aالتربية الخاصة
650 1 7 _aالطلاب المعوقين
942 _2ddc
_cBK
999 _c104635
_d104635